000 00471pam a2200157a 44500
008 230515b2018 xxu||||| |||| 00| 0 eng d
020 _a9789383864263
041 _aENGLISH
082 _a000
100 _aMINISTRY OF AYUSH
245 _aGLIMPSES OF CCRAS CROTRIBUSTION 50 GLORIOUS YEARS RESEARCH PUBLICATIN
250 _a2018
260 _aNEWDELHI
_bNULL
_c2018
300 _a237
650 _aGLIMPSES OF CCRAS CROTRIBUSTION 50 GLORIOUS YEARS RESEARCH PUBLICATIN
999 _c502257
_d502257